| 000 | 00329nam a2200133Ia 4500 | ||
|---|---|---|---|
| 005 | 20260328101445.0 | ||
| 008 | 260328s9999||||xx |||||||||||||| ||und|| | ||
| 100 | _aVenturi, Lionello | ||
| 245 | 0 |
_aHistoria de la CrÃtica de Arte / _cLionello Venturi |
|
| 260 | _bGustavo Gili | ||
| 300 | _a403 p. | ||
| 650 | _aARTE | ||
| 942 | _cBK | ||
| 999 |
_c8433 _d8433 |
||